000 01014nam0a22002651 4500
001 rc\4235086
005 20250612023519.0
021 _aRU
_b[59-60026]
035 _a(NLR Aleph) 008466475
090 _a7902260
_c7902260
100 _a20130416d1959 |||y0rusy50 ca
101 0 _arus
102 _aRU
105 _ay z |||||
200 1 _aНародная война
_e[Записки партизана - офицера Великой Отеч. войны]
210 _aМосква
_cВоениздат
_d1959
215 _a336 с.
_d21
606 _aПартизанское движение в Великой Отечественной войне 1941-1945 гг.
_jВоспоминания и записки
_2psbo
700 1 _7ca
_8rus
_aАндреев
_bВ. А.
_cканд. ист. наук
_f1906-1974
_gВасилий Андреевич
_9218289
_3RU\NLR\AUTH\770218345
801 0 _aRU
_bNLR
_gpsbo
801 1 _aRU
_bELAR
_2rusmarc
852 _aNLR
_j59-3/5904
942 _cBOOK
980 _aNB